| 000 | 00694nam a2200229 i 4500 | ||
|---|---|---|---|
| 001 | 140858 | ||
| 003 | ES-MaACL | ||
| 005 | 20230906200152.0 | ||
| 007 | t| | ||
| 008 | 070918s1959 sp ||||1| spa d | ||
| 080 | _a82-311.2"19" | ||
| 100 | 1 |
_aYerby, Frank. _9117621 |
|
| 245 | 1 | 3 |
_aLa serpiente y el palo _b: novela / _cFran Yerby ; [traducción del inglés por J. Romero de Tejada]. |
| 250 | _a1ª ed. | ||
| 260 |
_aBarcelona : _bPlaneta, _c[1959] |
||
| 300 |
_a406 p. ; _c19 cm. |
||
| 490 | 1 |
_aColección "Lyuve" ; _v48 |
|
| 700 | 1 |
_aRomero de Tejada, J. _999376 |
|
| 830 | 0 |
_aColección "Lyuve" ; _v48 _9187186 |
|
| 852 |
_aES-MaACL _jC-17058 _bR.45332 |
||
| 999 |
_c140858 _d140858 |
||